|
|
|
|
| LEADER |
00789cam a2200241 7i4500 |
| 001 |
0000035073 |
| 005 |
20191117090000.0 |
| 007 |
##ta |
| 008 |
180704t20172017my 0 er 0 0eng c |
| 040 |
# |
# |
|a MATR
|
| 090 |
0 |
0 |
|a B 770.9595
|b LOH (LRM)
|
| 100 |
1 |
# |
|a Loh, Kenny,,
|d 1962
|e author
|
| 245 |
0 |
0 |
|a Anak Malaysia :
|b PENGAMBARAAN SEORANG JURUGAMBAR.
|
| 264 |
# |
1 |
|a Petaling Jaya, Selangor:
|b MPH Group Publishing,
|c 2017.
|
| 300 |
# |
# |
|a 200 pages;
|c 17 cm.
|
| 336 |
# |
# |
|a text
|2 rdacontent
|
| 337 |
# |
# |
|a unmediated
|2 rdamedia
|
| 338 |
# |
# |
|a volume
|2 rdacarrier
|
| 600 |
1 |
0 |
|a Loh, Kenny,,
|d 1962
|
| 650 |
# |
0 |
|a Photography --
|z Malaysia
|
| 650 |
# |
0 |
|a Photojournalism
|
| 999 |
|
|
|a 0000040215
|b Book
|c Malaysia
|e Business Information Centre
|
| 999 |
|
|
|a 0000040214
|b Book
|c Malaysia
|e Business Information Centre
|